| 000 | 00386nam a22001457a 4500 | ||
|---|---|---|---|
| 003 | SGT | ||
| 082 |
_a617.84 _bE21C |
||
| 100 | _aChoudhary, Dimple | ||
| 245 | _aEffect of Hand Exercises On Quality Of Life In Patients With Chronic Reheumatoid Arthritis | ||
| 260 |
_aGURUGRAM _bSGT UNIVERSITY _c2021 |
||
| 300 | _a96 | ||
| 650 | _aPHYSIOTHERAPY | ||
| 653 | _aP.HD | ||
| 942 |
_2ddc _cTH |
||
| 999 |
_c26435 _d26435 |
||